Sports Quiz

Random Sports Quiz
Score 0/48 Timer 12:00
0 Plays Today
Name Answer % Correct
3Scottish
64.7%
1Scouse
56.3%
BonusNo
56.3%
4Chris
52.9%
10Irish
50%
5French
43.8%
7Welsh
43.8%
8Italian
43.8%
BonusApril
43.8%
Bonus2013
43.8%
1Mike
41.2%
1Grandad
37.5%
4Brummie
37.5%
5David P
37.5%
7Dan
37.5%
10Joe
37.5%
11He-Man
37.5%
11Mexican
37.5%
BonusBodeans
37.5%
2Rob
35.3%
2Jamaican
35.3%
3Punch
35.3%
4Wallace & Vomit
35.3%
4I love my hoover
31.3%
Name Answer % Correct
5Fluffer
31.3%
5Fluffer
31.3%
6Bill
31.3%
6Olly Murs
31.3%
6My heart skip skips a beat
31.3%
719
31.3%
8G Mott
31.3%
9Mark
31.3%
10Kevin
31.3%
10So unfair
31.3%
11Hemant
31.3%
3Jedward
29.4%
8McBravo
25%
8Oooh Mama
25%
9The Milky Bar Kid
25%
9The Milkybars are on me
25%
9Aussie
25%
2Finger lickin good
23.5%
3Potato
23.5%
1During the war
18.8%
6Toff
18.8%
7Glory glory Man United
18.8%
11By the power of Greyskull
18.8%
2Do you want fries with that
17.6%
Remove Ads.
Support Sporcle.
Get the best of Sporcle when you Go Orange. This ad-free experience offers more features, more stats, and more fun while also helping to support Sporcle. Thank you for becoming a member.

You're not logged in!

Compare scores with friends on all Sporcle quizzes.
OR
Log In

Show Comments

Extras

Created Jan 20, 2015ReportNominate
Tags:catchphrase, jeff, nickname

Top Quizzes Today


Score Distribution

Your Account Isn't Verified!

In order to create a playlist on Sporcle, you need to verify the email address you used during registration. Go to your Sporcle Settings to finish the process.

Report this User

Report this user for behavior that violates our Community Guidelines.

Details: